Score 0/45 Timer 05:00
0 Plays Today
Hint 4-Letter Word % Correct
☆ Female child ☆GIRL
99.2%
Fish breathing organGILL
98.6%
Above average heightTALL
97.7%
☆ Monopoly, poker, or chess ☆GAME
95.9%
☆ Passage of minutes, hours ☆TIME
95.4%
Alike, identicalSAME
95.1%
Reduced price eventSALE
95%
Money drawerTILL
94.9%
Rise and fall of ocean watersTIDE
94.5%
Very strong windGALE
93.4%
DomesticatedTAME
92.8%
Lion callROAR
92.8%
Dark red edible rootBEET
91.6%
Hay unitBALE
91.5%
DaybreakDAWN
91.3%
Musical pulseBEAT
91.2%
Long formal dressGOWN
91.1%
Male pigBOAR
91%
☆ Nautical vessel ☆BOAT
90.7%
To have arrivedCAME
90.2%
Toot on a car hornBEEP
90.2%
☆ Soft goose feathers ☆DOWN
89.6%
☆ Converse ☆TALK
88.1%
Hint 4-Letter Word % Correct
☆ Right or left flank ☆SIDE
86.3%
☆ Yellow marshmallow chick ☆PEEP
85.8%
HesitateBALK
83.7%
Appear to beSEEM
83%
Person of the same statusPEER
82.3%
Bully, thugGOON
82.2%
Mend socksDARN
82.1%
Non-acid in chemistryBASE
82%
Prophet, fortune-tellerSEER
81.3%
☆ Legal action ☆CASE
80.2%
Male parent of a horseSIRE
79.9%
Defy or challenge DARE
79.3%
Extremely serious or urgentDIRE
78.9%
☆ Division of a building ☆ROOM
77.1%
Sound when faster than Mach 1BOOM
76%
Irish playwright George Bernard SHAW
75.8%
☆ Thoroughfare ☆ROAD
74.1%
Benefit, blessingBOON
73.9%
Counterfeit, fakeSHAM
70.9%
Noah's eldest sonSHEM
70.1%
Large wooden crossROOD
66.5%
☆☆ COMMON BOND ☆☆SHOW
52.2%

Today's Daily Dose

Missing Word
Boxers

Quick Pick
Rise or Fall?

Get the Picture
A ‘B’ in Disney

You're not logged in!

Compare scores with friends on all Sporcle quizzes.
OR
Log In

Sporcle TV

Today on Sporcle TV


Watch our educational content, quiz creation guides, and fun videos on Sporcle TV.

Show Comments

Extras

Top Quizzes Today


Score Distribution

Paid Content

Your Account Isn't Verified!

In order to create a playlist on Sporcle, you need to verify the email address you used during registration. Go to your Sporcle Settings to finish the process.

Report this User

Report this user for behavior that violates our Community Guidelines.

Details: